UM Logo
Normal view MARC view
  • Appleby, Karen M.

Entry Personal Name

Number of records used in: 1

001 - CONTROL NUMBER

  • control field: 42607

003 - CONTROL NUMBER IDENTIFIER

  • control field: OSt

005 - DATE AND TIME OF LATEST TRANSACTION

  • control field: 20201125160337.0

008 - FIXED-LENGTH DATA ELEMENTS

  • fixed length control field: 201125|| aca||aabn | a|a d

040 ## - CATALOGING SOURCE

  • Original cataloging agency: OSt
  • Transcribing agency: OSt

100 ## - HEADING--PERSONAL NAME

  • Personal name: Appleby, Karen M.

670 ## - SOURCE DATA FOUND

  • Source citation: Work cat.: (OSt): Appleby, Karen M., Full speed ahead:, ©Sept 2015-Apr 2016.